Modern software engineering : doing what works to build better software faster
Saved in:
| 主要作者: | |
|---|---|
| 格式: | 图书 |
| 出版: |
Pearson
|
| 标签: |
没有标签, 成为第一个标记此记录!
|
MARC
| LEADER | 00000nam a2200000Ia 4500 | ||
|---|---|---|---|
| 005 | 20260515061617.0 | ||
| 100 | |a Farley, David, | ||
| 020 | |a 9780137314911 | ||
| 942 | |c BK | ||
| 245 | |a Modern software engineering : doing what works to build better software faster | ||
| 260 | |b Pearson | ||
| 999 | |c 69 |d 69 | ||
| 952 | |0 0 |1 0 |4 0 |7 0 |a ABDN |b ABDN |d 2026-05-15 |l 0 |p 000018 |r 2026-05-15 06:16:18 |w 2026-05-15 |y BK | ||